000
00316nam a2200109Ia 4500
008
171211s9999 xx 000 0 und d
245
_a
Nocturnal Animals (Greenwood Guides to the Animal World)
245
_c
Clive Roots
260
_c
2006
650
_x
ANIMALS
856
_u
http://down.ebook777.com/056/031333546X.pdf
999
_c
348437
_d
348437